| 000 | nam a22 7a 4500 | ||
|---|---|---|---|
| 999 |
_c233300 _d233300 |
||
| 005 | 20170306153627.0 | ||
| 008 | 170306b xxu||||| |||| 00| 0 eng d | ||
| 040 | _c. | ||
| 082 | _aBB-23 | ||
| 100 | _aS.M Yousaf | ||
| 245 |
_aCalculus With Analytic Geometry / _cS. M. Yousaf |
||
| 260 |
_aLahore, _bILMI Kitab Khana _c2008. |
||
| 300 |
_a529p. ; _b23 cm. |
||
| 942 |
_2ddc _cBK |
||